Belgian Grand Prix Winners (Formula 1) - Statistics

General Stats
  • This quiz has been taken 324 times
  • The average score is 46 of 59
Answer Stats
Years City Winner % Correct
1985 Spa-Francorchamps Ayrton Senna
98%
1988 Spa-Francorchamps Ayrton Senna
98%
1989 Spa-Francorchamps Ayrton Senna
98%
1990 Spa-Francorchamps Ayrton Senna
98%
1991 Spa-Francorchamps Ayrton Senna
98%
1992 Spa-Francorchamps Michael Schumacher
97%
1995 Spa-Francorchamps Michael Schumacher
97%
1996 Spa-Francorchamps Michael Schumacher
97%
1997 Spa-Francorchamps Michael Schumacher
97%
2001 Spa-Francorchamps Michael Schumacher
97%
2002 Spa-Francorchamps Michael Schumacher
97%
1983 Spa-Francorchamps Alain Prost
96%
1987 Spa-Francorchamps Alain Prost
96%
2011 Spa-Francorchamps Sebastian Vettel
96%
2013 Spa-Francorchamps Sebastian Vettel
96%
2010 Spa-Francorchamps Lewis Hamilton
95%
1950 Spa-Francorchamps Juan Manuel Fangio
93%
1954 Spa-Francorchamps Juan Manuel Fangio
93%
1955 Spa-Francorchamps Juan Manuel Fangio
93%
1975 Zolder Niki Lauda
93%
1976 Zolder Niki Lauda
93%
1993 Spa-Francorchamps Damon Hill
92%
1994 Spa-Francorchamps Damon Hill
92%
1998 Spa-Francorchamps Damon Hill
92%
2004 Spa-Francorchamps Kimi Raikkonen
92%
2005 Spa-Francorchamps Kimi Raikkonen
92%
2007 Spa-Francorchamps Kimi Raikkonen
92%
2009 Spa-Francorchamps Kimi Raikkonen
92%
1961 Spa-Francorchamps Phil Hill
92%
1952 Spa-Francorchamps Alberto Ascari
86%
1953 Spa-Francorchamps Alberto Ascari
86%
2012 Spa-Francorchamps Jenson Button
84%
2008 Spa-Francorchamps Felipe Massa
83%
2000 Spa-Francorchamps Mika Hakkinen
83%
1973 Zolder Jackie Stewart
82%
1951 Spa-Francorchamps Giuseppe Farina
81%
1962 Spa-Francorchamps Jim Clark
80%
1963 Spa-Francorchamps Jim Clark
80%
1964 Spa-Francorchamps Jim Clark
80%
1965 Spa-Francorchamps Jim Clark
80%
1986 Spa-Francorchamps Nigel Mansell
79%
1960 Spa-Francorchamps Jack Brabham
73%
1972 Nivelles Emerson Fittipaldi
72%
1974 Nivelles Emerson Fittipaldi
72%
1978 Zolder Mario Andretti
72%
2014 Spa-Francorchamps Daniel Ricciardo
70%
1999 Spa-Francorchamps David Coulthard
70%
1979 Zolder Jody Scheckter
67%
1966 Spa-Francorchamps John Surtees
55%
1981 Zolder Carlos Reutemann
47%
1968 Spa-Francorchamps Bruce McLaren
40%
1958 Spa-Francorchamps Tony Brooks
39%
1980 Zolder Didier Pironi
36%
1984 Zolder Michele Alboreto
35%
1982 Zolder John Watson
33%
1956 Spa-Francorchamps Peter Collins
31%
1967 Spa-Francorchamps Dan Gurney
20%
1970 Spa-Francorchamps Pedro Rodriguez
14%
1977 Zolder Gunnar Nilsson
13%
No matching quizzes found
Score Distribution
Percent of People with Each Score
Percentile by Number Answered
Your Score History
You have not taken this quiz